| 000 | 00427 a2200169 4500 | ||
|---|---|---|---|
| 003 | OSt | ||
| 005 | 20180116182831.0 | ||
| 008 | 160425b xxu||||| |||| 00| 0 eng d | ||
| 040 | _c0 | ||
| 100 | _aFinance Division | ||
| 110 | _aGovernment of Pakistan | ||
| 245 | _aEconomic Survey 2002-03 | ||
| 260 |
_aIslamabad _bFinance Division _c2003 |
||
| 300 | _a156p. | ||
| 500 | _aPapercoer | ||
| 942 |
_aNBS _cBK _k330.95491 GOV _2ddc |
||
| 999 |
_c346861 _d346861 |
||